01415nam a2200253 i 450000100060000000300090000600500170001500800410003201500180007302000150009104000270010608000110013308000120014410001740015624501230033026000710045330000210052465000300054565500310057570001720060670001740077885601110095285600980106310058KOSZ 00520180414115206.0060918s2004 pl f f |000 0 pol  aPB 2006/19585 a8373650709 aWA NcBPKdKOSZ 005/EG a332.74 a(075.8)1 aCYMERMAN, Ryszard.d2003 - .bPolitechnika Koszalińska - Wydział Budownictwa i Inżynierii Środowiska,cZakład Gospodarki Przestrzennej i Katastru Nieruchomości10aTeoria i technika wyceny nieruchomości :bćwiczenia.nCz. 2 /cRyszard Cymerman, Monika Jesiotr, Grzegorz Jesiotr. aKoszalin :bWydaw. Uczelniane Politechniki Koszalińskiej,c2004. a142 s. ;c24 cm. 0aNieruchomości - wycena. 0aPodręczniki akademickie.1 aJESIOTR, Monika.bPolitechnika Koszalińska - Wydział Budownictwa i Inżynierii Środowiska,cZakład Gospodarki Przestrzennej i Katastru Nieruchomościd2003 - .1 aJESIOTR, Grzegorz.bPolitechnika Koszalińska - Wydział Budownictwa i Inżynierii Środowiska,cZakład Gospodarki Przestrzennej i Katastru Nieruchomościd2003 - . uhttp://dlibra.tu.koszalin.pl/dlibra/docmetadata?id=225&from=&dirids=1&ver_id=&lp=2&QI=yBiblioteka Cyfrowa uhttp://koha.tu.koszalin.pl/cgi-bin/koha/opac-detail.pl?biblionumber=45335yKatalog online BPK